Shopping mall deals out of sync (Record no. 72731)

MARC details
000 -LEADER
fixed length control field 00993cam a2200205 4500
001 - CONTROL NUMBER
control field WB3919-06
008 - FIXED-LENGTH DATA ELEMENTS--GENERAL INFORMATION
fixed length control field 030522n2003 000 0 eng u
035 ## - SYSTEM CONTROL NUMBER
System control number (Sirsi) u122374
245 ## - TITLE STATEMENT
Title Shopping mall deals out of sync
260 ## - PUBLICATION, DISTRIBUTION, ETC.
Date of publication, distribution, etc. 2003
490 ## - SERIES STATEMENT
Series statement Retail Week
Volume/sequential designation 16 May 2003, 33(1)
520 ## - SUMMARY, ETC.
Summary, etc. Research by DTZ and Jones Lang LaSalle reveal that the investment market is out of step with the occupational market. Figures show that investment in shopping centres is strong but there is concern that investors do not share the same confidence as the retailers. Other companies such as Donaldsons suggest more caution as retailers become more reluctant to commit to new units and external factors such as war cause uncertainty in the market.
590 ## - LOCAL NOTE (RLIN)
Local note WB
650 ## - SUBJECT ADDED ENTRY--TOPICAL TERM
Topical term or geographic name entry element SHOPPING CENTRES
650 ## - SUBJECT ADDED ENTRY--TOPICAL TERM
Topical term or geographic name entry element RETAIL SECTOR
650 ## - SUBJECT ADDED ENTRY--TOPICAL TERM
Topical term or geographic name entry element INVESTORS
650 ## - SUBJECT ADDED ENTRY--TOPICAL TERM
Topical term or geographic name entry element INSTITUTIONAL INVESTORS
690 ## - LOCAL SUBJECT ADDED ENTRY--TOPICAL TERM (OCLC, RLIN)
Topical term or geographic name as entry element PROPERTY-COMMERCIAL PROPERTY-COMMERCIAL PROPERTY FINANCE AND INVESTMENT
942 ## - ADDED ENTRY ELEMENTS (KOHA)
Suppress in OPAC 0
Holdings
Withdrawn status Lost status Source of classification or shelving scheme Damaged status Not for loan Home library Current library Shelving location Date acquired Total Checkouts Full call number Barcode Date last seen Copy number Price effective from Koha item type
    Dewey Decimal Classification     London London News article 22/05/2003   WB3919-06 122374-1001 06/08/2019 1 06/08/2019 News article